| 000 | 00750nam a2200217Ii 4500 | ||
|---|---|---|---|
| 003 | JO-AjNU | ||
| 008 | 230605s9999||||xx |||||||||||||| ||und|| | ||
| 017 | _a1982/2809 | ||
| 020 | _a977-142-000-3 | ||
| 040 |
_aJO-AjNU _bara _erda _cJO-AjNU |
||
| 041 | _aara | ||
| 050 | 1 | 4 | _aBP166.75.S3988 1982 |
| 100 | 3 |
_aالصواف، محمد محمود, _eauthor _937782 |
|
| 245 | 0 | 0 | _aأثر الذنوب في هدم الأمم والشعوب |
| 264 | 3 | 1 | _aالقاهرة: دار الاعتصام، 1982 |
| 300 | _a94ص | ||
| 336 |
_atext _btxt _2rdacontent |
||
| 337 |
_aunmediated _bn _2rdamedia |
||
| 338 |
_avolume _bnc _2rdacarrier |
||
| 650 | 4 |
_aالدعوة الاسلامية- الحسنات والسيئات- الوعظ والارشاد _937783 |
|
| 999 |
_aA15818 _c19386 _d19386 |
||